000 00691nam a2200229 4500
003 OSt
005 20260601171006.0
008 260505b2002\\\\cn\a||||\||||\00|\0\eng\d
040 _aICI
_bspa
_cICI
041 _aeng
050 _aNK2439
_bN49 2002
100 1 _aGould, Arlene,
_eeditor
_932212
245 1 _aNew landscape :
_bdesign transforms canadian furniture
_cArlene Gould
264 _aCanada :
_bDesign Exchange,
_c2002
300 _a48 páginas :
_bilustraciones
336 _atexto
_2rdacontent
337 _asin medio
_2rdamedia
338 _avolumen
_2rdacarrier
650 _aFurniture design
_zCanada
_932213
650 _aIndustrial design
_zCanada
_932214
942 _2lcc
_cB
_n1
999 _c20268
_d20268